000 00622nam a2200205Ia 4500
003 GCL
008 140319s9999 xx 000 0 ara d
040 _aGCL /
_cGCL
082 0 4 _a822
_bو خ
100 1 _aويلدر, ثورنتة
245 1 0 _aالخاطبة /
_cويلدر, ثورنتة
700 1 _aدرينى خشبة
700 1 _aصالح زكى
300 _a272 ص
490 _aروائع المسرح العالمى
_v0
650 0 4 _aالادب الامريكى
650 0 4 _aالمسرحيات الامريكية
650 0 4 _aالمسرحيات الامريكية المترجمة
942 _2ddc
_cBK
999 _c38392
_d38392